Sports Quiz

Random Sports Quiz

Yankees History Quiz Stats

 Plays Quiz not verified by Sporcle

Challenge
Share
Tweet
Embed
Score 0/32 Timer 08:00
0 Plays Today
Hint Answer % Correct
The Great Number 3Babe Ruth
92.7%
First Yankee To Lead The League in Batting AverageBabe Ruth
92.7%
Legendary number 7Mickey Mantle
87.8%
The first outfielder to win back-to-back MVP awardsMickey Mantle
87.8%
Only World Series Perfect GameDon Larsen
81.7%
How many times did Casey Stengel take the Yankees to the World Series in 12 seasons with the Yanks10
78%
How many World Series have the Yankees won as of 201027
73.2%
The very first to hit 4 home runs in a 9 inning gameLou Gehrig
64.6%
In 1936, Tony Lazzeri had how many RBI's in a single game11
62.2%
Who was the immortal New York Yankee owner from 1973-2008George M. Steinbrenner
61%
One Yankees nicknameEvil Empire
53.7%
This player was the first to be paid $21, $22, $23, $24, $25, $26, $27, and $30 millionAlex Rodriguez
51.2%
First Yankee To Record 200 WinsRed Ruffing
45.1%
Only Yankee That has recorded 4,000 winsRoger Clemens
43.9%
Reggie Jackson had his own candy bar called whatThe Reggie Bar
42.7%
August 2, 1979 was a horrible day for the Yankees, whyThurman Munson died in a plane crash, Thurman Munson died
37.8%
Hint Answer % Correct
Roger Maris broke Ruth's home run record against whoBoston Red Sox
32.9%
How many home runs did Joe DiMaggio hit as a Yankee rookie29
32.9%
When did the Yankees first appear in pinstripes1915
29.3%
August 16, 1948 was a sad day for the Yankees, whyBabe Ruth died
29.3%
Recorded 41 wins in 1904 for the HighlandersJack Chesbro
26.8%
Waite Hoyt once pitched 3 complete games in a World Series, what was his ERA in those all of those games0
24.4%
How many World Series games how Yogi Berra played75
13.4%
What was Whitey Ford's winning percentage in his rookie year (1950).900
12.2%
How many home runs did Babe Ruth hit for the Yankees659
11%
Babe Ruth is the only player to ever play how many positions in one World Series4
11%
Lou Gehrig's middle nameHeinrich
6.1%
First no-hitter thrown by a YankeeGeorge Mogridge
4.9%
Babe Ruth's most famous home run, the called shot, was hit off of what pitcherCharlie Root, Root
1.2%
Gaylord Perry invented his own pitch in 1980 called whatthe puffball
0%
Two Yankees have thrown 9 shutouts in a single season, name themRuth and Guidry
0%
In 1936, there were 5 Yankees that did what100+ RBI's
0%

You're not logged in!

Compare scores with friends on all Sporcle quizzes.
Join for Free
OR
Log In

You Might Also Like...

Show Comments

Extras

Created Feb 3, 2011ReportNominate
Tags:yes

Top Quizzes Today


Score Distribution

Your Account Isn't Verified!

In order to create a playlist on Sporcle, you need to verify the email address you used during registration. Go to your Sporcle Settings to finish the process.

Report this User

Report this user for behavior that violates our Community Guidelines.

Details: